Пять поэм: Пер. с фарси

Xehetasun bibliografikoak
Egile nagusia: Низами Гянджеви Абу Мухаммед Ильяс ибн Юсуф
Beste egile batzuk: Бертельс А. (автор предисловия), Курганцев М. А. (составитель)
Hizkuntza:errusiera
Argitaratua: Москва, Правда, 1988
Gaiak:
Formatua: MixedMaterials Liburua
KOHA link:https://koha.lib.tpu.ru/cgi-bin/koha/opac-detail.pl?biblionumber=122909

MARC

LEADER 00000nam0a2200000 4500
001 122909
005 20231101215756.0
020 |a RU  |b 88-32177 
035 |a (RuTPU)RU\TPU\book\133059 
090 |a 122909 
100 |a 20071010d1988 m y0rusy5003 ca 
101 1 |a rus  |c rus 
102 |a RU 
105 |a a z 001gy 
200 1 |a Пять поэм  |e Пер. с фарси  |g [Вступ. ст. А. Бертельса]  |f Низами Гянджеви Абу Мухаммед Ильяс ибн Юсуф  |g авт. предисл. А. Бертельс; сост. М. А. Курганцев 
210 |a Москва  |c Правда  |d 1988 
215 |a 478,[2] с.  |d 20 см  |c ил. 
320 |a Словарь: с. 472-479 
327 1 |a Содерж.: Сокровищница тайн; Хосров и Ширин; Лейли и Меджнун; Семь красавиц; Искендер-наме 
610 1 |a азербайджанская литература 
610 1 |a поэзия 
675 |a 894.362  |z rus 
700 0 |a Низами Гянджеви Абу Мухаммед Ильяс ибн Юсуф  |c азербайдженский поэт  |c мыслитель  |f около 1141-около 1209  |2 stltpush  |3 (RuTPU)RU\TPU\pers\11344  |9 2559 
702 1 |a Бертельс  |b А.  |4 080 
702 1 |a Курганцев  |b М. А.  |4 220 
801 0 |a RU  |b RuMRKP  |c 19950417  |g psbo 
801 1 |a RU  |b 63413507  |c 20071010  |g PSBO 
801 2 |a RU  |b 63413507  |c 20071010  |g PSBO 
942 |c BK